[Event "OLNN 2122 SF Schwerin - Hamburger SK II"]
[Site "?"]
[Date "2022.03.06"]
[Round "6.6"]
[White "Kunze, Kerstin"]
[Black "Schumacher, Norbert"]
[Result "1-0"]
[WhiteElo "2028"]
[BlackElo "2164"]
[PlyCount "79"]
[EventDate "2022.??.??"]

1. e4 c5 2. Nf3 d6 3. Bb5+ Nd7 4. c3 Ngf6 5. Qe2 a6 6. Ba4 b5 7. Bc2 Bb7 8. d3
g6 9. h3 Bg7 10. O-O O-O 11. Rd1 Rc8 12. Nbd2 Nb6 13. Nf1 Qc7 14. Rb1 Rfd8 15.
Ng3 e6 16. Nh2 b4 17. c4 d5 18. Bg5 h6 19. Be3 a5 20. a3 dxc4 21. dxc4 Ba6 22.
Bd3 bxa3 23. bxa3 Na4 24. Qc2 Nb6 25. Bd2 Rxd3 26. Qxd3 Nxc4 27. Bc3 Ra8 28.
Qf3 Nd7 29. Bxg7 Kxg7 30. Rbc1 Rb8 31. Ng4 h5 32. Rxd7 Qxd7 33. Qf6+ Kg8 34.
Nh6+ Kh7 35. Nxf7 h4 36. Ng5+ Kh6 37. Nxe6 Kh7 38. Ng5+ Kh6 39. Nf5+ Kh5 40.
Nf7 1-0

[Event "OLNN 2122 SF Schwerin - Hamburger SK II"]
[Site "?"]
[Date "2022.03.06"]
[Round "6.8"]
[White "Neubert, Conrad"]
[Black "Holinka, Henning"]
[Result "0-1"]
[WhiteElo "1667"]
[BlackElo "2255"]
[PlyCount "56"]
[EventDate "2022.??.??"]

1. d4 d5 2. c4 e6 3. Nf3 Nf6 4. g3 Be7 5. Bg2 O-O 6. O-O Nbd7 7. Nfd2 c5 8.
cxd5 exd5 9. e3 Qb6 10. Re1 Rd8 11. Nc3 cxd4 12. exd4 Bb4 13. a3 Bxc3 14. bxc3
Qc7 15. Qb3 Nb6 16. Rb1 Bf5 17. Rb2 Rac8 18. a4 Bd7 19. Nb1 Nxa4 20. Ra2 b5 21.
Bg5 Re8 22. Rxe8+ Rxe8 23. Bxf6 Re1+ 24. Bf1 Bh3 25. Nd2 gxf6 26. f3 Qe7 27.
Qxb5 Qe3+ 28. Kh1 Qf2 0-1

[Event "OLNN 2122 SC Königsspringer HH - Lübe"]
[Site "?"]
[Date "2022.03.06"]
[Round "6.1"]
[White "Kalinitschew, Sergey"]
[Black "Zimmermann, Julian"]
[Result "1-0"]
[WhiteElo "2408"]
[BlackElo "2294"]
[PlyCount "61"]
[EventDate "2022.??.??"]

1. Nf3 Nf6 2. c4 b6 3. g3 Bb7 4. Bg2 g6 5. b3 Bg7 6. Bb2 O-O 7. O-O c5 8. d4
cxd4 9. Qxd4 d6 10. Qh4 Nbd7 11. Nc3 Rc8 12. Rad1 Nh5 13. Nd4 Bxg2 14. Kxg2
Nhf6 15. Nd5 a6 16. Nf3 b5 17. Ng5 h5 18. Bxf6 Nxf6 19. Ne4 Nxe4 20. Qxe4 e6
21. Ne3 bxc4 22. bxc4 Qa5 23. Rxd6 Qxa2 24. Rfd1 a5 25. R1d2 Qb3 26. Ra6 a4 27.
Rd7 Rcd8 28. Rda7 Rd2 29. Qf3 Qb2 30. Rb7 Qa2 31. Ra8 1-0

[Event "OLNN 2122 SC Königsspringer HH - Lübe"]
[Site "?"]
[Date "2022.03.06"]
[Round "6.2"]
[White "Rosmann, Ilja"]
[Black "Kreuzholz, Michael"]
[Result "1-0"]
[WhiteElo "2276"]
[BlackElo "2329"]
[PlyCount "64"]
[EventDate "2022.??.??"]

1. e4 c5 2. c3 Nf6 3. e5 Nd5 4. Bc4 Nb6 5. Bb3 c4 6. Bc2 Nc6 7. Nf3 d6 8. Qe2
Bg4 9. exd6 Qxd6 10. b3 Qe6 11. Na3 Qxe2+ 12. Kxe2 cxb3 13. axb3 e5 14. h3 Bh5
15. Nc4 Nxc4 16. bxc4 Bc5 17. Ba3 Bxa3 18. Rxa3 O-O 19. g4 Bg6 20. Bxg6 hxg6
21. Rb1 b6 22. c5 bxc5 23. Rb5 c4 24. Rc5 Rac8 25. Ra4 e4 26. Ng5 f6 27. Ne6
Rfe8 28. Nf4 Ne5 29. Rxc8 Rxc8 30. Rxa7 Rc6 31. Ke3 Rd6 32. Ra5 g5 1-0

[Event "OLNN 2122 SC Königsspringer HH - Lübe"]
[Site "?"]
[Date "2022.03.06"]
[Round "6.3"]
[White "Schmidt, Harald"]
[Black "Schmidt, Jan-Peter"]
[Result "0-1"]
[WhiteElo "2345"]
[BlackElo "2249"]
[PlyCount "120"]
[EventDate "2022.??.??"]

1. Nf3 c5 2. b3 Nf6 3. e3 g6 4. Ba3 b6 5. d4 Bg7 6. Nbd2 d6 7. Bb5+ Bd7 8. Be2
O-O 9. O-O Nc6 10. Bb2 Qc7 11. a3 Rad8 12. c4 e5 13. dxe5 dxe5 14. Qc2 Bf5 15.
Qc3 Rfe8 16. Rad1 Nd4 17. Rfe1 Nxe2+ 18. Rxe2 Bd3 19. Ree1 e4 20. Ng5 h6 21.
Nh3 g5 22. f3 exf3 23. gxf3 Bg6 24. Nf2 Nh5 25. Qc1 f5 26. Nb1 Rxd1 27. Nxd1
Nf4 28. Nf2 Bxb2 29. Qxb2 Bh5 30. Nd2 Ng6 31. e4 Nh4 32. Qc3 Rd8 33. Re3 Qf4
34. Kf1 Qxh2 35. Rd3 Qg2+ 36. Ke2 Rd4 37. Rxd4 cxd4 38. Qxd4 Bxf3+ 39. Kd3
fxe4+ 40. Kc3 Qg3 41. Kb4 e3 42. Qxe3 Qd6+ 43. Kc3 Bh5 44. b4 Nf5 45. Qe4 Qf6+
46. Kd3 Kg7 47. c5 bxc5 48. bxc5 Qa6+ 49. Kc2 Bg6 50. Qe5+ Qf6 51. Qxf6+ Kxf6
52. Kc3 Ke6 53. Kc4 Be8 54. Nb3 h5 55. Na5 g4 56. c6 Kd6 57. Ne4+ Kc7 58. Nf6
Bf7+ 59. Kd3 g3 60. Ke2 h4 0-1

[Event "OLNN 2122 SC Königsspringer HH - Lübe"]
[Site "?"]
[Date "2022.03.06"]
[Round "6.4"]
[White "Borgmeyer, Max"]
[Black "Ehrke, Michael"]
[Result "1-0"]
[WhiteElo "2174"]
[BlackElo "2239"]
[PlyCount "51"]
[EventDate "2022.??.??"]

1. e4 c6 2. d4 d5 3. exd5 cxd5 4. Bd3 Nf6 5. Bf4 Bg4 6. Nf3 Nc6 7. c3 e6 8.
Nbd2 Be7 9. Qb3 Bxf3 10. Nxf3 Qb6 11. O-O O-O 12. Rfe1 Rfc8 13. Ne5 Na5 14. Qa4
a6 15. Re2 Qd8 16. Rae1 Nc4 17. Qc2 g6 18. Nxf7 Kxf7 19. Rxe6 Ne4 20. Bxe4 Kxe6
21. Bxd5+ Kd7 22. Qe4 Bd6 23. Qe6+ Kc7 24. Qf7+ Kb6 25. Qxb7+ Ka5 26. Bxc4 1-0

[Event "OLNN 2122 SC Königsspringer HH - Lübe"]
[Site "?"]
[Date "2022.03.06"]
[Round "6.5"]
[White "Krause, Ullrich"]
[Black "Langmann, Markus"]
[Result "1/2-1/2"]
[WhiteElo "2200"]
[BlackElo "2079"]
[PlyCount "89"]
[EventDate "2022.??.??"]

1. Nf3 d5 2. d4 Nf6 3. c4 dxc4 4. e3 a6 5. Bxc4 e6 6. a4 c5 7. O-O Nc6 8. Qe2
cxd4 9. Rd1 Be7 10. exd4 O-O 11. Nc3 Nb4 12. Bg5 Re8 13. Ne5 Nfd5 14. Bxe7 Rxe7
15. Rac1 Bd7 16. Bb3 Be8 17. Qd2 Rc8 18. Nxd5 Nxd5 19. Rxc8 Qxc8 20. Bxd5 exd5
21. Rc1 Rc7 22. Rxc7 Qxc7 23. a5 f6 24. Ng4 Bb5 25. Ne3 Qf4 26. Qc3 Bc6 27. h3
Qe4 28. b4 h5 29. f3 Qe6 30. Kf2 Kf7 31. Qc2 g6 32. Qc3 Qd6 33. Qc5 Qxc5 34.
bxc5 Ke6 35. f4 Bb5 36. g3 Bd3 37. Ke1 Be4 38. Kd2 Kd7 39. Kc3 Kc7 40. Kb4 Kc6
41. Nd1 Bf3 42. Ne3 Be4 43. h4 Kd7 44. Kc3 Kc6 45. Kb4 1/2-1/2

[Event "OLNN 2122 SC Königsspringer HH - Lübe"]
[Site "?"]
[Date "2022.03.06"]
[Round "6.6"]
[White "Hloskovsky, Andrei"]
[Black "Poghosyan, Tigran"]
[Result "1-0"]
[WhiteElo "2056"]
[BlackElo "2151"]
[PlyCount "107"]
[EventDate "2022.??.??"]

1. e4 c5 2. Nc3 d6 3. g3 Nc6 4. Bg2 g6 5. d3 Bg7 6. Be3 e6 7. Qd2 Rb8 8. f4
Nge7 9. Nf3 Nd4 10. Nd1 b5 11. O-O O-O 12. Nh4 b4 13. h3 Bd7 14. Kh2 Qc7 15. c3
bxc3 16. bxc3 Nb5 17. a4 Qa5 18. e5 g5 19. Nf3 gxf4 20. Bxf4 Ng6 21. Ra2 Nc7
22. exd6 Nd5 23. Bh6 Qa6 24. Bxg7 Kxg7 25. c4 Nb4 26. Qc3+ f6 27. Raf2 Qxd6 28.
Ng5 Qd4 29. Ne4 Nxd3 30. Rxf6 Rxf6 31. Nxf6 Bxa4 32. Qa5 Rf8 33. Qxa7+ Bd7 34.
Qxd7+ Qxd7 35. Nxd7 Rd8 36. Nf6 Nde5 37. Ne3 Rd3 38. Nfg4 h5 39. Nxe5 Nxe5 40.
Re1 Rd2 41. Kg1 Kf6 42. g4 Ra2 43. gxh5 Nd3 44. Rd1 Nf4 45. Rf1 Ke5 46. h6 Ng6
47. h7 Ra7 48. Ng4+ Kd4 49. Rf4+ Kc3 50. Rf6 Nh8 51. Be4 Kd4 52. Rf8 Kxe4 53.
Rxh8 Rf7 54. Re8 1-0

[Event "OLNN 2122 SC Königsspringer HH - Lübe"]
[Site "?"]
[Date "2022.03.06"]
[Round "6.7"]
[White "Lampe, Dirk"]
[Black "Raider, Eugen"]
[Result "0-1"]
[WhiteElo "2165"]
[BlackElo "2014"]
[PlyCount "76"]
[EventDate "2022.??.??"]

1. e4 e6 2. d4 d5 3. Nc3 h6 4. Bd3 Nc6 5. Nf3 Nb4 6. O-O Nxd3 7. cxd3 Nf6 8.
Bf4 c6 9. Re1 Be7 10. Rc1 O-O 11. Na4 Nh7 12. a3 f6 13. Qb3 Ng5 14. Nh4 Kh7 15.
Qd1 e5 16. Bxg5 fxg5 17. Nf3 Bg4 18. exd5 cxd5 19. dxe5 Bh5 20. d4 g4 21. Nd2
Rxf2 22. Nf1 Qe8 23. Ng3 Rf4 24. Rc7 Bg5 25. Rxb7 Rc8 26. Nc5 Bg6 27. b4 h5 28.
Rf1 Qc6 29. Rxf4 Bxf4 30. Nf1 Rf8 31. Qe2 Bc1 32. Rxa7 Qc8 33. e6 Qb8 34. Rb7
Qf4 35. Nb3 Qxf1+ 36. Qxf1 Be3+ 37. Qf2 Rxf2 38. h4 g3 0-1

[Event "OLNN 2122 SC Königsspringer HH - Lübe"]
[Site "?"]
[Date "2022.03.06"]
[Round "6.8"]
[White "Khalaf, Ayman"]
[Black "Bornholdt, Joa Max"]
[Result "0-1"]
[WhiteElo "1799"]
[BlackElo "2161"]
[PlyCount "86"]
[EventDate "2022.??.??"]

1. d4 d5 2. c4 e6 3. Nf3 Nf6 4. Bg5 Nbd7 5. e3 c6 6. Nc3 Qa5 7. Qc2 Bb4 8. Rc1
Ne4 9. Bf4 Qxa2 10. Bd3 Ndf6 11. O-O Nxc3 12. bxc3 Qxc2 13. Rxc2 Be7 14. h3 b6
15. Ne5 Bb7 16. Ra1 Bd8 17. Rb2 a5 18. Bc2 Ke7 19. Ba4 Rc8 20. Bc2 Nd7 21. c5
b5 22. f3 Nxe5 23. Bxe5 f6 24. Bd6+ Kf7 25. f4 g6 26. g4 Ra8 27. Raa2 Bc8 28.
Bd3 h5 29. Rg2 hxg4 30. Rxg4 f5 31. Rg3 Bh4 32. Rgg2 Be1 33. Rac2 b4 34. cxb4
axb4 35. Ra2 Bb7 36. Kh2 Bc3 37. Bf1 b3 38. Rae2 Ba6 39. Ref2 Bxf1 40. Rxf1 Ra2
41. Rb1 Rxg2+ 42. Kxg2 b2 43. Bc7 Ra8 0-1

[Event "OLNN 2122 Schachfreunde HH - SK Johanne"]
[Site "?"]
[Date "2022.03.06"]
[Round "6.2"]
[White "Ritscher, Jan-Paul"]
[Black "Schroeder, Christoph"]
[Result "1-0"]
[WhiteElo "2260"]
[BlackElo "2143"]
[PlyCount "85"]
[EventDate "2022.??.??"]

1. d4 Nf6 2. Nf3 d5 3. g3 e6 4. Bg2 Be7 5. c4 O-O 6. O-O dxc4 7. Qc2 a6 8. Qxc4
b5 9. Qc2 Bb7 10. Bf4 Nc6 11. Rd1 Nb4 12. Qc1 Rc8 13. Nc3 Nbd5 14. Nxd5 Bxd5
15. Be3 Ng4 16. Ne5 Bxg2 17. Nxg4 Bb7 18. f3 Qd5 19. Nf2 Qh5 20. Nd3 Bd6 21.
Qd2 Rfd8 22. Qa5 g5 23. Nf2 f5 24. Qd2 g4 25. fxg4 fxg4 26. Bh6 Rf8 27. Bxf8
Rxf8 28. e4 c5 29. Rac1 cxd4 30. Qxd4 Be5 31. Qb6 Qf7 32. Nxg4 Bg7 33. Rf1 Qd7
34. Rxf8+ Kxf8 35. Qc5+ Kg8 36. Nf2 Bd4 37. Qg5+ Kh8 38. Qf4 Bxf2+ 39. Kxf2
Qd4+ 40. Kf1 Qd3+ 41. Ke1 Qxe4+ 42. Qxe4 Bxe4 43. Rc7 1-0

[Event "OLNN 2122 Schachfreunde HH - SK Johanne"]
[Site "?"]
[Date "2022.03.06"]
[Round "6.3"]
[White "Zart, Ruediger"]
[Black "Andersen, Jens Knud"]
[Result "1/2-1/2"]
[WhiteElo "2144"]
[BlackElo "2153"]
[PlyCount "50"]
[EventDate "2022.??.??"]

1. e4 c5 2. Nf3 d6 3. d4 cxd4 4. Nxd4 Nf6 5. Nc3 Nc6 6. Bg5 e6 7. Qd2 a6 8.
O-O-O Bd7 9. f4 h6 10. Bxf6 Qxf6 11. Nb3 O-O-O 12. Bd3 g5 13. f5 Bg7 14. a3 Qe5
15. g3 Na5 16. Nxa5 Qxa5 17. Ne2 Qxd2+ 18. Rxd2 Bc6 19. Rf1 Be5 20. c3 d5 21.
exd5 Bxd5 22. fxe6 fxe6 23. Nd4 Rdf8 24. Rxf8+ Rxf8 25. Re2 Bxd4 {(=)} 1/2-1/2

[Event "OLNN 2122 Schachfreunde HH - SK Johanne"]
[Site "?"]
[Date "2022.03.06"]
[Round "6.4"]
[White "Gremmel, Jonas Simon"]
[Black "Wirthgen, Peter"]
[Result "1/2-1/2"]
[WhiteElo "2022"]
[BlackElo "2103"]
[PlyCount "66"]
[EventDate "2022.??.??"]

1. d4 d5 2. Nf3 Nf6 3. e3 Bf5 4. c4 c6 5. Be2 e6 6. O-O Bd6 7. b3 h6 8. Bb2
Nbd7 9. Ne5 Bh7 10. f4 Ne4 11. Nd2 Nxd2 12. Qxd2 Nf6 13. c5 Bc7 14. b4 Ne4 15.
Qd1 a6 16. a4 O-O 17. Bd3 f6 18. Nf3 Qe7 19. Qc2 Bf5 20. Nh4 g5 21. Nxf5 exf5
22. g3 Kg7 23. Kg2 g4 24. b5 axb5 25. axb5 h5 26. b6 Rxa1 27. Rxa1 Bb8 28. Bxe4
fxe4 29. Qf2 f5 30. Bc3 Rg8 31. Kf1 Kf7 32. Be1 Rh8 33. Ke2 Ke6 {(=)} 1/2-1/2

[Event "OLNN 2122 Schachfreunde HH - SK Johanne"]
[Site "?"]
[Date "2022.03.06"]
[Round "6.5"]
[White "Johannsen, Dennis"]
[Black "Zimmermann, Martin"]
[Result "1/2-1/2"]
[WhiteElo "2112"]
[BlackElo "2141"]
[PlyCount "36"]
[EventDate "2022.??.??"]

1. Nf3 d5 2. g3 Nf6 3. Bg2 g6 4. b3 Bg7 5. Bb2 O-O 6. c4 c6 7. O-O Bg4 8. h3
Bxf3 9. Bxf3 Qd7 10. Kh2 Na6 11. Na3 Nc5 12. Qc2 d4 13. d3 a5 14. Nb1 e5 15.
Nd2 Rfe8 16. a3 Na6 17. Rab1 Bf8 18. Rfe1 Rad8 {(=)} 1/2-1/2

[Event "OLNN 2122 Schachfreunde HH - SK Johanne"]
[Site "?"]
[Date "2022.03.06"]
[Round "6.6"]
[White "Dietz, Juergen"]
[Black "Keyser, Robin"]
[Result "0-1"]
[WhiteElo "2133"]
[BlackElo "2095"]
[PlyCount "74"]
[EventDate "2022.??.??"]

1. f4 d5 2. Nf3 g6 3. g3 Bg7 4. Bg2 b6 5. d3 Bb7 6. O-O Nh6 7. e4 dxe4 8. Ng5
O-O 9. dxe4 Qd4+ 10. Kh1 Qxd1 11. Rxd1 Ng4 12. Kg1 h6 13. Nh3 Na6 14. Bf3 Nf6
15. Nf2 Rad8 16. Bd2 Nxe4 17. Nxe4 Bxb2 18. Nbc3 Bxa1 19. Rxa1 Bxe4 20. Nxe4 f5
21. Be2 fxe4 22. Bc4+ Kh7 23. Bc3 Nc5 24. Kf2 c6 25. Ke3 Rd7 26. Bd4 Rfd8 27.
c3 b5 28. Bf7 e6 29. Bxc5 Rxf7 30. Kxe4 Rfd7 31. Bd4 c5 32. Bxc5 Rd1 33. Rxd1
Rxd1 34. Bxa7 Ra1 35. h4 Rxa2 36. Be3 h5 37. Bd4 Kg8 {(Zeit von Weiss)} 0-1

[Event "OLNN 2122 Schachfreunde HH - SK Johanne"]
[Site "?"]
[Date "2022.03.06"]
[Round "6.7"]
[White "Ahmels, Volker"]
[Black "Mix, Clemens"]
[Result "1/2-1/2"]
[WhiteElo "2179"]
[BlackElo "1987"]
[PlyCount "47"]
[EventDate "2022.??.??"]

1. e4 c5 2. Nf3 Nc6 3. Bb5 e6 4. b3 Nd4 5. Nxd4 cxd4 6. Bb2 a6 7. Be2 d5 8.
exd5 Qxd5 9. O-O Nf6 10. Bf3 Qd8 11. d3 Bc5 12. Nd2 O-O 13. a4 Qc7 14. Ra2 Bd7
15. b4 Bxb4 16. Bxd4 e5 17. Be3 Bc3 18. Nb1 Be6 19. Nxc3 Qxc3 20. Qa1 Qxa1 21.
Raxa1 Bd5 22. Rfb1 Bxf3 23. gxf3 Rac8 24. Rxb7 {(=)} 1/2-1/2

[Event "OLNN 2122 Schachfreunde HH - SK Johanne"]
[Site "?"]
[Date "2022.03.06"]
[Round "6.8"]
[White "Hermann, Matthias"]
[Black "Schueler, Hendrik"]
[Result "1/2-1/2"]
[WhiteElo "2224"]
[BlackElo "2062"]
[PlyCount "38"]
[EventDate "2022.??.??"]

1. Nc3 e6 2. e4 d5 3. Nf3 Bb4 4. Qe2 Ne7 5. d4 O-O 6. Bd2 b6 7. O-O-O Ba6 8.
Qe3 Bxf1 9. Rhxf1 Nd7 10. Rfe1 Nf6 11. exd5 exd5 12. a3 Bxc3 13. Qxe7 Bxd2+ 14.
Rxd2 Re8 15. Qxd8 Raxd8 16. Rde2 Rxe2 17. Rxe2 Re8 18. Rxe8+ Nxe8 19. Ne5 a5
1/2-1/2

[Event "OLNN 2122 SC Diogenes - SK Doppelbauer "]
[Site "?"]
[Date "2022.03.06"]
[Round "6.1"]
[White "Pajeken, Jakob Leon"]
[Black "Schulenburg, Torben"]
[Result "1-0"]
[WhiteElo "2382"]
[BlackElo "2200"]
[PlyCount "61"]
[EventDate "2022.??.??"]

1. Nf3 Nf6 2. c4 e6 3. Nc3 d5 4. d4 Be7 5. g3 O-O 6. Bg2 Nbd7 7. Qd3 c5 8. cxd5
exd5 9. O-O Re8 10. Bf4 c4 11. Qc2 Nf8 12. b3 cxb3 13. Qxb3 b6 14. Rac1 Bb7 15.
Nb5 Ne6 16. Bc7 Nxc7 17. Nxc7 Bd6 18. Nxe8 Qxe8 19. Rc2 Ba6 20. Ne5 Bxe5 21.
dxe5 Qxe5 22. Qa3 Bb5 23. Rfc1 Bd7 24. e3 h5 25. Qb4 Qe6 26. Qd4 Ne4 27. Rc7
Bb5 28. Rd1 Qf5 29. Qxd5 Qxf2+ 30. Kh1 Re8 31. Qxb5 1-0

[Event "OLNN 2122 SC Diogenes - SK Doppelbauer "]
[Site "?"]
[Date "2022.03.06"]
[Round "6.2"]
[White "Hochgraefe, Markus"]
[Black "Olsen, Filip Boe"]
[Result "1/2-1/2"]
[WhiteElo "2384"]
[BlackElo "2403"]
[PlyCount "31"]
[EventDate "2022.??.??"]

1. Nf3 d5 2. d4 Nf6 3. c4 e6 4. Nc3 c5 5. cxd5 Nxd5 6. g3 Nc6 7. Bg2 Be7 8. O-O
O-O 9. Rb1 cxd4 10. Nxd4 Nxd4 11. Qxd4 Bf6 12. Qc4 Nxc3 13. bxc3 Qa5 14. Be3
Rb8 15. Qb5 Qxb5 16. Rxb5 1/2-1/2

[Event "OLNN 2122 SC Diogenes - SK Doppelbauer "]
[Site "?"]
[Date "2022.03.06"]
[Round "6.3"]
[White "Arndt, Magnus"]
[Black "Mach, Holger"]
[Result "1-0"]
[WhiteElo "2345"]
[BlackElo "2216"]
[PlyCount "57"]
[EventDate "2022.??.??"]

1. e4 c5 2. Nf3 Nc6 3. c3 Nf6 4. e5 Nd5 5. g3 d6 6. exd6 Qxd6 7. Bg2 g6 8. O-O
Bg7 9. d4 cxd4 10. Nxd4 Nxd4 11. cxd4 O-O 12. Nc3 Be6 13. Ne4 Qb6 14. Nc5 Rac8
15. Nxe6 fxe6 16. Qe2 Bxd4 17. Bh6 Rf5 18. Rad1 Rh5 19. Bc1 Rf8 20. Bh3 Re5 21.
Qd2 Bc5 22. a3 a5 23. Qc2 Rf6 24. b4 axb4 25. Bb2 Nc3 26. axb4 Rxf2 27. Qxc3
Bxb4 28. Qxe5 Rxb2+ 29. Rd4 1-0

[Event "OLNN 2122 SC Diogenes - SK Doppelbauer"]
[Site "?"]
[Date "2022.03.06"]
[Round "6.4"]
[White "Gottuk, Stefan"]
[Black "Boe, Mads"]
[Result "0-1"]
[WhiteElo "2154"]
[BlackElo "2300"]
[PlyCount "90"]
[EventDate "2022.??.??"]

1. e4 c6 2. Nf3 d5 3. exd5 cxd5 4. Ne5 Nc6 5. d4 Nf6 6. Bb5 Bd7 7. Nxd7 Qxd7 8.
c3 e6 9. Bf4 a6 10. Bd3 Bd6 11. Bxd6 Qxd6 12. O-O O-O 13. Nd2 b5 14. Qe2 b4 15.
Nb3 a5 16. a4 Rfc8 17. Rfc1 bxc3 18. bxc3 Nb8 19. f3 Nbd7 20. Bb5 Nb6 21. g3
Nfd7 22. Kg2 g6 23. Qd3 Nc4 24. Qe2 Qc7 25. Bxd7 Qxd7 26. Nc5 Qd6 27. Rab1 Rab8
28. Qa2 e5 29. Rxb8 Rxb8 30. Rb1 exd4 31. cxd4 Re8 32. Qf2 Qf6 33. Re1 Rxe1 34.
Qxe1 Qxd4 35. Qe8+ Kg7 36. Nd7 Qd2+ 37. Kh3 Qh6+ 38. Kg2 Qd2+ 39. Kh3 Qb4 40.
Ne5 Qf8 41. Qd7 Nxe5 42. Qxd5 Qc8+ 43. g4 Qc3 44. Kg3 g5 45. Qe4 Ng6 0-1

[Event "OLNN 2122 SC Diogenes - SK Doppelbauer"]
[Site "?"]
[Date "2022.03.06"]
[Round "6.5"]
[White "Beeck, Mats"]
[Black "Rieling, Thomas"]
[Result "1-0"]
[WhiteElo "2166"]
[BlackElo "2071"]
[PlyCount "107"]
[EventDate "2022.??.??"]

1. Nf3 Nf6 2. c4 b6 3. g3 Bb7 4. Bg2 c5 5. O-O g6 6. d4 cxd4 7. Qxd4 Bg7 8. Nc3
O-O 9. Qh4 Qc8 10. Bg5 d6 11. Nd5 Nxd5 12. cxd5 f6 13. Rac1 Qe8 14. Bd2 Qf7 15.
e4 Na6 16. Nd4 Bc8 17. Qf4 Nc5 18. Qe3 e5 19. dxe6 Nxe6 20. Nb5 Rd8 21. e5 d5
22. Nd6 Qd7 23. Bxd5 fxe5 24. Nxc8 Raxc8 25. Qb3 Kf7 26. Rxc8 Rxc8 27. f4 e4
28. f5 gxf5 29. Rxf5+ Ke7 30. Bxe6 Bd4+ 31. Kg2 Qxe6 32. Bg5+ Kd6 33. Bf4+ Ke7
34. Qa3+ Kd7 35. Qxa7+ Kc6 36. Rf7 e3 37. Qa4+ Kc5 38. Qa3+ Kb5 39. Qd3+ Qc4
40. Rf5+ Bc5 41. Qxc4+ Kxc4 42. Kf3 Kd3 43. Rd5+ Kc2 44. Bxe3 Kxb2 45. Rd2+ Kc3
46. Bf4 Rf8 47. Rd7 Ra8 48. Be5+ Kc2 49. Rxh7 Rxa2 50. g4 Kd3 51. Rd7+ Kc4 52.
g5 Rf2+ 53. Kg4 Rg2+ 54. Kf5 1-0

[Event "OLNN 2122 SC Diogenes - SK Doppelbauer "]
[Site "?"]
[Date "2022.03.06"]
[Round "6.6"]
[White "Kilic, Oguz"]
[Black "Luckow, Rolf"]
[Result "1/2-1/2"]
[WhiteElo "2045"]
[BlackElo "2210"]
[PlyCount "91"]
[EventDate "2022.??.??"]

1. e4 c5 2. Nc3 Nc6 3. g3 g6 4. Bg2 Bg7 5. d3 d6 6. Nh3 Rb8 7. O-O Nf6 8. f4
O-O 9. f5 b5 10. Nf4 b4 11. Ncd5 e6 12. Ne3 Ne5 13. g4 g5 14. Nh3 h6 15. Kh1 d5
16. Nf2 Re8 17. fxe6 fxe6 18. exd5 exd5 19. h4 gxh4 20. Nf5 Bxf5 21. gxf5 Qe7
22. Bh3 Rb6 23. Rg1 Kf8 24. Bf4 Qf7 25. Ng4 Nexg4 26. Bxg4 Nxg4 27. Rxg4 Rf6
28. Qd2 Rxf5 29. Rag1 Bd4 30. Bd6+ Re7 31. Qxh6+ Ke8 32. Rg8+ Kd7 33. Bxe7 Qxe7
34. R8g7 Bxg7 35. Rxg7 Rf7 36. Rxf7 Qxf7 37. Qxh4 Qf1+ 38. Kh2 Qe2+ 39. Kh3
Qxc2 40. Qg4+ Kd6 41. Qg6+ Kd7 42. Qf7+ Kc6 43. Qe6+ Kc7 44. Qe7+ Kc6 45. Qe6+
Kc7 46. Qe7+ 1/2-1/2

[Event "OLNN 2122 SC Diogenes - SK Doppelbauer "]
[Site "?"]
[Date "2022.03.06"]
[Round "6.7"]
[White "Boehm, Thomas"]
[Black "Apitzsch, Leon Fabian"]
[Result "1-0"]
[WhiteElo "2155"]
[BlackElo "1982"]
[PlyCount "43"]
[EventDate "2022.??.??"]

1. d4 d5 2. Nf3 Nf6 3. g3 c5 4. Bg2 Nc6 5. O-O Bf5 6. c4 dxc4 7. Qa4 Qd7 8.
dxc5 Ne5 9. Qb4 Nd5 10. Qa3 Nxf3+ 11. Bxf3 Bxb1 12. Rxb1 e6 13. e4 Nc7 14. Qc3
Qd3 15. Be3 Qxc3 16. bxc3 O-O-O 17. Rb4 Na6 18. Rxc4 e5 19. Rb1 Nb8 20. Rcb4 b6
21. cxb6 axb6 22. Bg4+ 1-0

[Event "OLNN 2122 SC Diogenes - SK Doppelbauer "]
[Site "?"]
[Date "2022.03.06"]
[Round "6.8"]
[White "Buchholz, Robert"]
[Black "Budzyn, Matthias"]
[Result "1/2-1/2"]
[WhiteElo "1988"]
[BlackElo "2176"]
[PlyCount "27"]
[EventDate "2022.??.??"]

1. d4 Nf6 2. Nf3 g6 3. g3 Bg7 4. Bg2 O-O 5. O-O d5 6. c4 dxc4 7. Nc3 Nc6 8. e4
Nd7 9. Be3 Nb6 10. Qd2 Bg4 11. d5 Bxf3 12. Bxf3 Ne5 13. Be2 Qd7 14. f4 1/2-1/2

[Event "OLNN 2122 SK Doppelbauer Turm Kiel II -"]
[Site "?"]
[Date "2022.03.20"]
[Round "7.1"]
[White "Hilwerda, Jonas"]
[Black "Parvanyan, Ashot"]
[Result "1/2-1/2"]
[WhiteElo "2267"]
[BlackElo "2462"]
[PlyCount "59"]
[EventDate "2022.??.??"]

1. e4 e6 2. d4 d5 3. Nc3 Bb4 4. e5 Ne7 5. a3 Bxc3+ 6. bxc3 c5 7. Qg4 Qc7 8.
Qxg7 Rg8 9. Qxh7 cxd4 10. Ne2 Nbc6 11. f4 dxc3 12. Qd3 d4 13. Nxd4 Nxd4 14.
Qxd4 Bd7 15. Rg1 Nf5 16. Qf2 Qc6 17. Bd3 Qd5 18. Be3 Nxe3 19. Qxe3 Rxg2 20.
Rxg2 Qxg2 21. O-O-O Qxh2 22. Qd4 Qh4 23. Be4 Qe7 24. Qxc3 Rc8 25. Qg3 Qc5 26.
Qg8+ Ke7 27. Qg5+ Ke8 28. Qg8+ Ke7 29. Qg5+ Ke8 30. Qg8+ 1/2-1/2

[Event "OLNN 2122 SK Doppelbauer Turm Kiel II -"]
[Site "?"]
[Date "2022.03.20"]
[Round "7.2"]
[White "Pajeken, Jakob Leon"]
[Black "Schulz, Karsten"]
[Result "1/2-1/2"]
[WhiteElo "2382"]
[BlackElo "2299"]
[PlyCount "69"]
[EventDate "2022.??.??"]

1. e4 d6 2. d4 Nf6 3. Nc3 e5 4. Nf3 exd4 5. Nxd4 Be7 6. g3 O-O 7. Bg2 Re8 8.
O-O Bf8 9. Re1 Nbd7 10. h3 c6 11. a4 a5 12. Bf4 Nc5 13. g4 Qb6 14. g5 Nfd7 15.
Nf5 Qxb2 16. Re3 Qb6 17. Nxd6 Bxd6 18. Bxd6 Na6 19. e5 Nf8 20. Rb1 Nb4 21. Ne2
Qd8 22. c3 Nd5 23. Rg3 Ng6 24. Qd4 Nde7 25. Be4 Bf5 26. Rxb7 c5 27. Qc4 Bxe4
28. Qxe4 Nc8 29. Qf3 Nxd6 30. exd6 Ne5 31. Qd5 Re6 32. f4 Rxd6 33. Qxe5 Re6 34.
Qc7 Qd1+ 35. Kh2 1/2-1/2

[Event "OLNN 2122 SK Doppelbauer Turm Kiel II -"]
[Site "?"]
[Date "2022.03.20"]
[Round "7.3"]
[White "Reichmann, Hendrik"]
[Black "Boe, Mads"]
[Result "1/2-1/2"]
[WhiteElo "2334"]
[BlackElo "2300"]
[PlyCount "41"]
[EventDate "2022.??.??"]

1. d4 d5 2. Nf3 Nf6 3. e3 Bf5 4. c4 c6 5. Nc3 e6 6. Bd3 Bg6 7. Ne5 Bxd3 8. Qxd3
Nbd7 9. f4 Be7 10. O-O O-O 11. c5 Nxe5 12. fxe5 Nd7 13. b4 f6 14. exf6 Bxf6 15.
Bb2 e5 16. Ne2 exd4 17. exd4 Qe7 18. Ng3 g6 19. Rae1 Qg7 20. Ne2 Rfe8 21. Nf4
1/2-1/2

[Event "OLNN 2122 SK Doppelbauer Turm Kiel II -"]
[Site "?"]
[Date "2022.03.20"]
[Round "7.4"]
[White "Beeck, Mats"]
[Black "Wolf, Christoph"]
[Result "1/2-1/2"]
[WhiteElo "2166"]
[BlackElo "2216"]
[PlyCount "50"]
[EventDate "2022.??.??"]

1. d4 d5 2. c4 e6 3. Nf3 c5 4. cxd5 exd5 5. Nc3 Nc6 6. dxc5 d4 7. Na4 Bxc5 8.
Nxc5 Qa5+ 9. Qd2 Qxc5 10. e3 dxe3 11. Qxe3+ Qxe3+ 12. Bxe3 Nge7 13. Bb5 a6 14.
Ba4 O-O 15. O-O Be6 16. a3 Rfc8 17. Rfc1 b5 18. Bd1 Na5 19. Rxc8+ Rxc8 20. b4
Nc4 21. Bc5 Nc6 22. a4 Nb2 23. axb5 axb5 24. Ng5 Nxd1 25. Rxd1 Bf5 1/2-1/2

[Event "OLNN 2122 SK Doppelbauer Turm Kiel II -"]
[Site "?"]
[Date "2022.03.20"]
[Round "7.5"]
[White "Grahl, Arvid"]
[Black "Junge, Ralph"]
[Result "0-1"]
[WhiteElo "2155"]
[BlackElo "2216"]
[PlyCount "72"]
[EventDate "2022.??.??"]

1. d4 e6 2. c4 f5 3. Nf3 Nf6 4. g3 d5 5. Bg2 Be7 6. O-O Ne4 7. b3 Nc6 8. Bb2 h5
9. Ne5 Nxe5 10. dxe5 h4 11. Nc3 hxg3 12. hxg3 Bc5 13. Nxe4 fxe4 14. Bd4 Bxd4
15. Qxd4 c6 16. Qe3 Rh5 17. f4 Bd7 18. Kf2 Qb6 19. c5 Qb5 20. Rh1 Rxh1 21. Rxh1
O-O-O 22. Qd4 Rg8 23. Rh7 Qa5 24. a4 b6 25. b4 Qxa4 26. cxb6 a5 27. Bxe4 Qxb4
28. Qxb4 axb4 29. Bg6 b3 30. Ke3 c5 31. Kd2 Kb7 32. Bf7 Ra8 33. Kc3 c4 34. Rxg7
Kxb6 35. f5 Kb5 36. fxe6 Ra2 0-1